|
|
|
|
| LEADER |
00000cas a2200000 a 4500 |
| 001 |
vtls008882213 |
| 003 |
SK-MaSNL |
| 005 |
20260228162237.0 |
| 008 |
020318c19959999xo ar| a 0 0 b0slo |
| 015 |
|
|
|a SNBB2017-(17/2008)
|
| 035 |
|
|
|a (SVKBB03)vtls000109447
|
| 040 |
|
|
|a SVKBB
|b slo
|c SVKBB
|d SNK
|e AACR2
|
| 041 |
0 |
|
|a slo
|
| 043 |
|
|
|a e-xo---
|
| 044 |
|
|
|a xo
|c SK
|
| 072 |
|
7 |
|a 63
|x Poľnohospodárstvo a príbuzné oblasti vedy a techniky
|2 konspekt
|
| 072 |
|
7 |
|a 021
|x Funkcie, význam a využívanie knižníc
|2 konspekt
|
| 080 |
|
|
|a 63
|2 2011
|
| 080 |
|
|
|a 017.092
|2 2011
|
| 080 |
|
|
|a 050
|2 2011
|
| 080 |
|
|
|a 021.61
|2 2001
|
| 080 |
|
|
|a (083.8)
|2 2011
|
| 080 |
|
|
|a (437.6)
|2 2011
|
| 080 |
|
|
|a (036)
|2 2011
|
| 245 |
0 |
0 |
|a Prírastkový zoznam FAO publikácií
|
| 260 |
|
|
|a Nitra
|b Ústav vedecko-technických informácií pre pôdohospodárstvo
|c 1993-
|
| 260 |
2 |
|
|3 2008-
|a Nitra
|b Agroinštitút
|
| 300 |
|
|
|a zv.
|c 30 cm
|
| 310 |
|
|
|a 1x ročne
|b 2001-
|
| 321 |
|
|
|a 2x ročne
|b 1998-2000
|
| 362 |
0 |
|
|a [1998]-
|
| 500 |
|
|
|a Popis podľa: 17/2008
|
| 610 |
2 |
7 |
|a Agroinštitút (Nitra, Slovensko)
|b Depozitná knižnica Organizácie Spojených národov pre výživu a poľnohosposárstvo
|2 SNKKA
|9 270635
|
| 650 |
0 |
7 |
|a depozitné knižnice
|2 SNKPH
|9 84251
|
| 650 |
0 |
7 |
|a prírastky knižničných fondov
|9 63917
|
| 650 |
0 |
7 |
|a Deposit libraries
|2 SNKPHeng
|9 270636
|
| 650 |
0 |
7 |
|a Library additions
|2 SNKPHeng
|9 266627
|
| 650 |
0 |
7 |
|a poľnohospodárstvo
|2 SNKPH
|9 679
|
| 650 |
0 |
7 |
|a Agriculture
|2 SNKPHeng
|9 265172
|
| 651 |
|
7 |
|a Nitra (Slovakia)
|2 SNKPHeng
|9 265425
|
| 651 |
|
7 |
|a Nitra (Slovensko)
|2 SNKPH
|9 15714
|
| 655 |
|
7 |
|a zoznamy
|2 SNKPH
|9 29645
|
| 655 |
|
7 |
|a Lists
|2 SNKPHeng
|9 267515
|
| 655 |
|
7 |
|a informačné publikácie
|2 SNKPH
|9 70181
|
| 655 |
|
7 |
|a Information publications
|2 SNKPHeng
|9 265188
|
| 780 |
0 |
0 |
|t FAO publikácie z oblasti poľnohospodárstva, lesníctva a rybárstva
|
| 910 |
|
|
|a snk
|
| 910 |
|
|
|a svkpo
|
| 910 |
|
|
|a svkbb
|
| 999 |
|
|
|c 7259
|d 9189
|
| 952 |
|
|
|0 0
|1 0
|4 0
|7 0
|8 5
|a SNK
|b SNK
|d 2021-06-23
|i snk2021/7573
|l 0
|o snkČSB 6512/12/2003
|p 17A1433331
|r 2026-02-21 20:00:00
|t č. 1-2
|w 2026-02-21
|y PREZ
|
| 952 |
|
|
|0 0
|1 0
|4 0
|7 0
|8 1
|a SNK
|b SNK
|d 2017-09-27
|i snk2017/20930
|l 0
|o snkČSB 6512/18/2008
|p 17A1264259
|r 2026-02-21 21:56:25
|w 2026-02-21
|y PREZ
|